Best Cartoon - Statistics

General Stats
  • This quiz has been taken 9 times
  • The average score is 4 of 20
Answer Stats
Picture Answer % Correct
Kim Possible
75%
Franklin
63%
Clifford the Big Red Dog
50%
Jimmy Neutron
50%
Totally Spies
50%
Captain Tsubasa
25%
Yu-Gi-Oh!
25%
Martin Mystery
13%
Braceface
0%
Code Lyoko
0%
Corneil and Bernie
0%
Kid Paddle
0%
Martin Morning
0%
Ninja Turtles
0%
Oggy and the Cockroaches
0%
Princess Sarah
0%
Ratz
0%
Space Goofs
0%
Street Football
0%
Titeuf
0%
No matching quizzes found
Score Distribution
Percent of People with Each Score
Percentile by Number Answered
Your Score History
You have not taken this quiz